000 00641nam a22001817a 4500
003 1
005 20250429175405.0
008 220513b xxu||||| |||| 00| 0 eng d
020 _a978-621-95260-0-6
050 _aPL6051
_b.D45 2021
100 _aDe la Torre, Visitacion R.
245 _aRising with the Filipino:
_ba collection of essays on Philippine history,culture,arts and lifestyle/
_cVisitacion R. de la Torre.
260 _aMakati:
_bBrown Movement for Cultural Advancement,Inc
_cc2021
300 _a307 pp.
_bcolored:
_c30 cm
500 _aPhilippine-literature-essays.
500 _aPhilippine-literature-history
942 _2lcc
_cBK
999 _c364731
_d364731